000 00351nam a2200145Ia 4500
005 20251222153600.0
008 251222s9999||||xx |||||||||||||| ||spa||
020 _a8422633906
082 _a945.510.5/R12
100 _aRacionero, Luis
245 0 _aFlorencia de los Médicis
250 _a1ra.ed.
264 _bEdiciones Planeta S.A.
942 _cLIB
999 _c31180
_d31180